Japan, the hungry guest : Japanese business ethics vs. those of the U.S.
Tallennettuna:
| Päätekijä: | |
|---|---|
| Aineistotyyppi: | Kirja |
| Kieli: | Undetermined |
| Julkaistu: |
Tokyo, Japan
Lotus Press
1985
|
| Aiheet: | |
| Tagit: |
Lisää tagi
Ei tageja, Lisää ensimmäinen tagi!
|
| Thư viện lưu trữ: | Trung tâm Học liệu Trường Đại học Cần Thơ |
|---|
| LEADER | 00603nam a2200205Ia 4500 | ||
|---|---|---|---|
| 001 | CTU_107034 | ||
| 008 | 210402s9999 xx 000 0 und d | ||
| 082 | |a 174.40952 | ||
| 082 | |b S514 | ||
| 100 | |a Seward, Jack | ||
| 245 | 0 | |a Japan, the hungry guest : | |
| 245 | 0 | |b Japanese business ethics vs. those of the U.S. | |
| 245 | 0 | |c by Jack Seward and Howard Van Zandt. | |
| 260 | |a Tokyo, Japan | ||
| 260 | |b Lotus Press | ||
| 260 | |c 1985 | ||
| 650 | |a Business ethics,Business ethics | ||
| 650 | |z Japan,United states | ||
| 904 | |i Năm | ||
| 980 | |a Trung tâm Học liệu Trường Đại học Cần Thơ | ||